[Event "COL-ch U1800"]
[Site "Moniquira"]
[Date "2018.07.19"]
[Round "1"]
[White "Campos Perilla, Ximena Estefania"]
[Black "Vargas, Alejandro"]
[Result "0-1"]
[WhiteElo "1265"]
[BlackElo "1617"]
[PlyCount "30"]
[EventDate "2018.07.19"]
[EventType "swiss"]
[EventRounds "7"]
[EventCountry "COL"]
[SourceTitle "CBM 187 Extra"]
[Source "ChessBase"]
[SourceDate "2018.11.04"]
[SourceVersion "1"]
[SourceVersionDate "2018.11.04"]
[SourceQuality "1"]

1. e4 c5 2. d4 cxd4 3. Qxd4 Nc6 4. Qd1 a6 5. Nf3 Qc7 6. Bc4 e6 7. 0-0 Nf6 8. Bg5 h5 9. Bxf6 gxf6 10. Nc3 Rg8 11. e5 Nxe5 12. Nxe5 fxe5 13. Re1 Qxc4 14. Ne2 Qg4 15. Nc3 Qxg2# 0-1

[Event "COL-ch Amateur U1700"]
[Site "Bogota"]
[Date "2018.02.17"]
[Round "4.27"]
[White "Cardenas Briceno, Eloy"]
[Black "Vargas, Alejandro"]
[Result "0-1"]
[WhiteElo "1521"]
[BlackElo "1600"]
[PlyCount "40"]
[EventDate "2018.02.15"]
[EventType "swiss"]
[EventRounds "7"]
[EventCountry "COL"]
[SourceTitle "EXT 2024"]
[Source "ChessBase"]
[SourceDate "2023.10.10"]
[SourceVersion "1"]
[SourceVersionDate "2023.10.10"]
[SourceQuality "1"]

1. e4 c5 2. Nf3 e6 3. d4 cxd4 4. Nxd4 a6 5. c4 Nf6 6. Bd3 h5 7. h3 Qc7 8. b3 h4 9. Bb2 b6 10. Nd2 Bb7 11. Qf3 Be7 12. Ne2 Nc6 13. Qe3 d6 14. Nf3 Ne5 15. Nxe5 dxe5 16. Qg5 Nxe4 17. Qxg7 Bf6 18. Qg4 Nc5 19. Bh7 0-0-0 20. Bc2 Rdg8 0-1